000 00914nam a2200217 a 4500
001 56343
003 BD-RjUL
005 20211209080402.0
008 161128s1969 bg ||||| |||| 00| 0 ben d
035 _a(BD-RjUL)56467
040 _aBD-RjUL
_bben
_cBD-RjUL
_dBD-RjUL
041 _aben
082 _223
_a891.4409
_bISB 1969
100 _aইসলাম, আজাহার
_9123432
245 1 0 _aবাংলা সাহিত্যের ইতিহাস প্রসঙ্গ :
_b(আধুনিক যুগ) /
_cআজাহার ইসলাম
260 _aঢাকা :
_bআডিয়াল লাইব্রেরী,
_c১৯৬৯
300 _aঝ, ৭৮৬ পৃ. ;
_c২২ সেমি
650 _aবাংলা সাহিত্য
_xইতিহাস ও সমালোচনা
_9123433
650 _aBengali Literature
_xHistory and Criticism
_9123434
942 _2ddc
_cBK
999 _c56343
_d56343